00988nam a2200241 a 4500008004100000020001500041041000800056100002200064245006300086250008400149260005900233300001100292500012500303653003400428653001500462653005000477653002000527653002500547653003100572653004600603653005500649653004200704110701s1984 ag il. f |||| 001 0 spa d a9500601850 aspa1 aBarness, Lewis A. aExploración clínica en pediatría /cLewis A. Barness a2a ed. en español de la 5a ed. en inglésbTraducción Mario Arnaldo Marino aBuenos Aires:bEditorial Médica Panamericana;c1984. a206 p. aBarness, L. A. (1984). Exploración clínica en pediatría. (2a ed.). Buenos Aires : Editorial Médica Panamericana. aManera de encarar al paciente aMediciones aAspecto general, piel y ganglios linfáticos aCabeza y cuello aExamen neurológico aExamen del recién nacido aApéndice I: planilla de examen físico aApéndice II: prueba de Denver para el desarrollo aApéndice III: Tablas de crecimiento